000 00387nam a22001457a 4500
003 OSt
008 250730b |||||||| |||| 00| 0 eng d
082 _a630.715
_bD66U
100 _aPankaj Doley
245 _aUtilization Pattern of Information Technology Among Farmers of Pusa , Bihar
260 _aRPCAU, Pusa
_bHSECM
_c2024
300 _a77
502 _bM.Sc.(HSECM)
942 _2ddc
_cT
999 _c48633
_d48633